| 000 | 00805nam a2200253 i 4500 | ||
|---|---|---|---|
| 001 | 60438 | ||
| 005 | 20180714061710.0 | ||
| 008 | 140415s2003 sp b r 000 0 spa d | ||
| 020 | _a968246725X | ||
| 040 |
_aMX-PuUPA _bspa _erda _cMx-PuUPA _dMx-PuUPA |
||
| 041 | 0 | _aspa | |
| 082 | 0 |
_a551.5 _bAYL |
|
| 100 | 1 |
_aAyllón, Teresa, _eautor |
|
| 245 | 1 | 0 |
_aElementos de meteorología y climatología / _cTeresa Ayllón. |
| 250 |
_aSegunda edición / _benero |
||
| 264 | 1 |
_aMéxico, D.F. : _bEditorial Trillas, _c2003 |
|
| 300 |
_a211 páginas : _bmapas, diagramas ; _c24 cm. |
||
| 336 |
_atexto _2rdacontent |
||
| 337 |
_asin mediación _2rdamedia |
||
| 338 |
_avolumen _2rdacarrier |
||
| 650 | 4 | _aMeteorología | |
| 650 | 4 | _aClimatología | |
| 999 |
_c60438 _d60438 |
||